• 首页
  • 本馆介绍
  • 公告通知
  • 最新文献
  • 馆藏检索
  • 电子资源
  • 读者导购
  • 参考咨询
  • 我的图书馆
  • 登录
  • 详细信息显示
  • 放入我的书架
  • 预约/预借图书
  • 作者相关作品
  • 分类相关作品
  • 丛书相关作品
  • 出版社相关作品

书目信息

  • 表格格式
  • 工作单格式
  • 卡片格式
题名:
顺顺利利的成年
    
 
作者: 黄朕平 主编
分册:  
出版信息: 北京   蓝天出版社  2005
页数: 255页
开本: 21cm
丛书名: 我该怎么办健康心理自助
单 册:
中图分类: B844.3
科图分类:
主题词: 成人心理学
电子资源:
ISBN: 7-80158-497-X
000 01202nam0 2200337 450
000 01165nam0 2200325 450
000 01163nam0 2200337 450
000 01109nam0 2200313 450
000 01138nam0 2200301 450
000 01101nam0 2200289 45
001 TS-146553
005 20070106092543.20
010    @a7-80158-497-X@dCNY20.00
100    @a20060829d2005 em y0chiy0110 ea
101 0  @achi
102    @aCN@b110000
105    @aa z 000yy
200 1  @a顺顺利利的成年@Ashun shun li li de cheng nian@e成年心理门诊@e图文版@f黄朕平主编
210    @a北京@c蓝天出版社@d2005
215    @a255页@c图@d21cm
225 2  @a我该怎么办健康心理自助
330    @a本书介绍了青年人际交往问题、青年人恋爱与性方面的心理问题、人格障碍咨询、青年心理障碍咨询、中年过渡期心理问题、老年人心理等问题。
410  0 @1001002832713@12001 @a我该怎么办健康心理自助
517 1  @a成年心理门诊@Acheng nian xin li men zhen
606 0  @a成人心理学
690    @aB844.3@v4
701  0 @a黄朕平@Ahuang zhen ping@c(心理学)@4主编
801  0 @aCN@b中图数据@c20070106
905    @a10447@dB844.3@e678
    
    顺顺利利的成年:成年心理门诊:图文版/黄朕平主编.-北京:蓝天出版社,2005
    255页:图;21cm.-(我该怎么办健康心理自助)
    
    
    ISBN 7-80158-497-X:CNY20.00
    本书介绍了青年人际交往问题、青年人恋爱与性方面的心理问题、人格障碍咨询、青年心理障碍咨询、中年过渡期心理问题、老年人心理等问题。
●
相关链接 在E读中查询图书 在五车中查询图书 在当当中查询图书 在豆瓣中查询图书


正题名:顺顺利利的成年     索取号:B844.3/678         预约/预借

序号 登录号 条形码 馆藏地/架位号 状态 备注
1 0615498   206154980   第一样本阅览室/ [索取号:B844.3/678] 在馆    
2 0615499   206154999   第一借阅区/ [索取号:B844.3/678] 在馆    
3 0615500   206155006   第一借阅区/ [索取号:B844.3/678] 在馆    
4 0615501   206155015   第一借阅区/ [索取号:B844.3/678] 在馆    
5 0615502   206155024   第一借阅区/ [索取号:B844.3/678] 在馆    
6 0615503   206155033   第一借阅区/ [索取号:B844.3/678] 在馆    
唐山师范学院图书馆 欢迎您!
大连网信软件有限公司© 版权所有